Pokémon sans double type - Statistiques

Statistiques générales
  • Ce quiz a été pris 132 fois
  • Le résultat moyen est 113 sur 162
Statistiques - réponses
Question Tuile Select % Correct
Acier sans double type Lançargot Non
97%
Acier sans double type Magnéti Non
95%
Acier sans double type Foretress Non
94%
Acier sans double type Duralugon Non
92%
Acier sans double type Mysdibule Non
91%
Acier sans double type Tic Oui
88%
Acier sans double type Métalosse Non
87%
Combat sans double type Ékaïser Non
86%
Dragon sans double type Boumata Non
85%
Combat sans double type Crabominable Non
85%
Combat sans double type Gallame Non
85%
Dragon sans double type Kravarech Non
85%
Combat sans double type Paume-de-Fer Non
85%
Dragon sans double type Zekrom Non
85%
Eau sans double type Kabuto Non
84%
Acier sans double type Registeel Oui
84%
Combat sans double type Courrousinge Non
83%
Eau sans double type Arakdo Non
82%
Combat sans double type Brutalibré Non
82%
Eau sans double type Palkia Non
81%
Combat sans double type Charpenti Oui
80%
Eau sans double type Keldeo Non
80%
Électrik sans double type Morpeko Non
80%
Combat sans double type Riolu Oui
79%
Glace sans double type Crabominable Non
78%
Dragon sans double type Draïeul Non
78%
Dragon sans double type Incisache Oui
78%
Eau sans double type Lamantine Non
78%
Feu sans double type Malamandre Non
78%
Feu sans double type Volcanion Non
78%
Feu sans double type Carmadura Non
77%
Électrik sans double type Dedenne Non
77%
Fée sans double type Favianos Non
77%
Électrik sans double type Négapi Oui
77%
Fée sans double type Strassie Non
77%
Électrik sans double type Togedemaru Non
77%
Glace sans double type Farfuret Non
76%
Insecte sans double type Fermite Non
76%
Électrik sans double type Fulguris Non
76%
Feu sans double type Galopa Oui
76%
Glace sans double type Givrali Oui
76%
Feu sans double type Grillepattes Non
76%
Eau sans double type Manaphy Oui
76%
Dragon sans double type Motorizard Non
76%
Électrik sans double type Zéblitz Oui
76%
Feu sans double type Flâmigator Non
75%
Normal sans double type Ixon Non
75%
Plante sans double type Katagami Non
75%
Fée sans double type Kirlia Non
75%
Plante sans double type Manternel Non
75%
Électrik sans double type Motisma Non
75%
Glace sans double type Obalie Non
75%
Poison sans double type Qwilfish Non
75%
Feu sans double type Roitiflam Non
75%
Fée sans double type Rubombelle Non
75%
Fée sans double type Tokopisco Non
75%
Insecte sans double type Cancrelove Non
74%
Insecte sans double type Dardargnan Non
74%
Psy sans double type Flagadoss Non
74%
Glace sans double type Frissonille Non
74%
Poison sans double type Séviper Oui
74%
Glace sans double type Frigodo Non
73%
Psy sans double type Latios Non
73%
Psy sans double type Méditikka Non
73%
Poison sans double type Tritox Non
73%
Roche sans double type Anorith Non
72%
Feu sans double type Chartor Oui
72%
Normal sans double type Excavarenne Non
72%
Roche sans double type Golgopathe Non
72%
Poison sans double type Mandrillon Non
72%
Dragon sans double type Nigirigon Non
72%
Psy sans double type Zarbi Oui
72%
Fée sans double type Crèmy Oui
71%
Roche sans double type Dinoclier Non
71%
Électrik sans double type Galvaran Non
71%
Eau sans double type Marill Non
71%
Insecte sans double type Mélokrik Oui
71%
Dragon sans double type Mucuscule Oui
71%
Insecte sans double type Parasect Non
71%
Poison sans double type Toxizap Non
71%
Normal sans double type Wimessir Non
71%
Insecte sans double type Chrysapile Non
70%
Poison sans double type Cradopaud Non
70%
Sol sans double type Limonde Non
70%
Normal sans double type Monaflèmit Oui
70%
Eau sans double type Stari Oui
70%
Plante sans double type Viridium Non
70%
Normal sans double type Castorno Non
69%
Normal sans double type Dodrio Non
69%
Psy sans double type Jirachi Non
69%
Dragon sans double type Regidrago Oui
69%
Psy sans double type Sidérella Oui
69%
Eau sans double type Akwakwak Oui
68%
Fée sans double type Cocotine Oui
68%
Plante sans double type Doudouvet Non
68%
Normal sans double type Leveinard Oui
68%
Glace sans double type Oniglali Oui
68%
Sol sans double type Terracool Non
68%
Roche sans double type Terrakium Non
68%
Sol sans double type Balbuto Non
67%
Plante sans double type Bulbizarre Non
67%
Poison sans double type Miamiasme Oui
67%
Sol sans double type Pelage-Sablé Non
67%
Roche sans double type Rocabot Oui
67%
Insecte sans double type Sovkipou Non
67%
Plante sans double type Bouldeneu Oui
66%
Sol sans double type Donphan Oui
66%
Spectre sans double type Giratina Non
66%
Glace sans double type Lippouti Non
66%
Spectre sans double type Polichombr Oui
66%
Poison sans double type Rapion Non
66%
Normal sans double type Toudoudou Non
66%
Glace sans double type Bekaglaçon Oui
65%
Spectre sans double type Ectoplasma Non
65%
Spectre sans double type Munja Non
65%
Feu sans double type Charbambin Oui
64%
Sol sans double type Escroco Non
64%
Spectre sans double type Marshadow Non
64%
Sol sans double type Ossatueur Oui
64%
Ténèbres sans double type Pandarbare Non
64%
Roche sans double type Séléroc Non
64%
Ténèbres sans double type Yuyu Non
64%
Ténèbres sans double type Cornèbre Non
63%
Combat sans double type Krakos Oui
63%
Roche sans double type Météno Non
63%
Ténèbres sans double type Absol Oui
62%
Insecte sans double type Carabing Oui
62%
Ténèbres sans double type Gambex Non
62%
Spectre sans double type Mimiqui Non
62%
Sol sans double type Minotaupe Non
62%
Normal sans double type Nanméouïe Oui
62%
Ténèbres sans double type Sepiatroce Non
62%
Roche sans double type Simularbre Oui
62%
Fée sans double type Snubbull Oui
62%
Plante sans double type Arboliva Non
61%
Fée sans double type Rondoudou Non
61%
Plante sans double type Vortente Oui
61%
Électrik sans double type Wattapik Oui
61%
Ténèbres sans double type Zoroark Oui
61%
Psy sans double type Girafarig Non
60%
Ténèbres sans double type Grimalin Non
60%
Plante sans double type Chevroum Oui
59%
Sol sans double type Dunaja Oui
58%
Vol sans double type Altaria Non
56%
Poison sans double type Nidorina Oui
56%
Vol sans double type Yanmega Non
56%
Acier sans double type Charibari Oui
55%
Vol sans double type Corvaillus Non
55%
Vol sans double type Togetic Non
55%
Roche sans double type Craparoi Oui
54%
Ténèbres sans double type Dogrino Oui
54%
Vol sans double type Boréas Oui
52%
Vol sans double type Piafabec Non
52%
Vol sans double type Rapasdepic Non
52%
Spectre sans double type Théffroyable Non
49%
Insecte sans double type Léboulérou Oui
47%
Psy sans double type Mime Jr. Non
47%
Spectre sans double type Corayôme Oui
45%
Vol sans double type Minisange Oui
42%
Spectre sans double type Mordudor Oui
42%
Vol sans double type Bleuseille Oui
41%
Psy sans double type Bibichut Oui
32%
Aucun quiz correspondant
Distribution des résultats
% des personnes avec chaque résultat
Percentile par nombre de réponses
Votre historique - résultats
Vous n’avez pas pris ce quiz